Vplyv účtovných informácií vo výkazoch účtovnej závierky podľa IFRS na vybrané finančné ukazovatele

Význam účtovnej závierky pre používateľov účtovných informácií . Prepojenosť a relatívna nezávislosť účtovného a daňového systému. Účtovné informácie z finančných výkazov podľa IFRS vo vzťahu k vybraným finančným ukazovateľom.

Salvato in:
Dettagli Bibliografici
Autore principale: Manová, Eva, 1957-
Altri autori: Nižníková, Zuzana, 1986-
Natura: Capitolo di libro
Lingua:slovacco
Soggetti:
Tags: Aggiungi Tag
Nessun Tag, puoi essere il primo ad aggiungerne!!

MARC

LEADER 00000nla a2200000 4500
001 0226819
005 20240502073734.5
041 0 |a slo 
044 |a SK 
245 1 0 |a Vplyv účtovných informácií vo výkazoch účtovnej závierky podľa IFRS na vybrané finančné ukazovatele  |c Eva Manová, Zuzana Nižníková 
520 |a Význam účtovnej závierky pre používateľov účtovných informácií . Prepojenosť a relatívna nezávislosť účtovného a daňového systému. Účtovné informácie z finančných výkazov podľa IFRS vo vzťahu k vybraným finančným ukazovateľom. 
610 2 0 |a informácie účtovné 
610 2 0 |a výkaz ziskov a strát 
610 2 0 |a závierka účtovná 
610 2 0 |a ukazovatele finančné 
610 2 0 |a štandardy účtovné medzinárodné 
100 1 |a Manová, Eva, 1957- 
700 1 |a Nižníková, Zuzana, 1986-